[Event "Jugendweltmeisterschaft U18"]
[Site "Belfort (FRA)"]
[Date "2005.07.19"]
[Round "1"]
[White "Rees, Ioan"]
[Black "Braun, Arik"]
[Result "1/2-1/2"]
[WhiteElo "2230"]
[BlackElo "2475"]
[PlyCount "59"]
[EventDate "2005.07.18"]

1. d4 d5 2. Nf3 Nf6 3. c4 c6 4. Nc3 a6 5. e3 e6 6. Qc2 c5 7. cxd5 exd5 8. Be2
Nc6 9. O-O Be6 10. Rd1 cxd4 11. Nxd4 Nxd4 12. Rxd4 Bd6 13. e4 Be5 14. Rd1 Qc7
15. exd5 Nxd5 16. Qa4+ Bd7 17. Bb5 Nb6 18. Bxd7+ Qxd7 19. Qe4 Qe7 20. Be3 Bxc3
21. Qxe7+ Kxe7 22. bxc3 Na4 23. Rd4 b5 24. c4 Rhd8 25. cxb5 axb5 26. Rc1 Rac8
27. Rxd8 Rxc1+ 28. Bxc1 Kxd8 29. Kf1 Kd7 30. Ke2 1/2-1/2

[Event "Jugendweltmeisterschaft U18"]
[Site "Belfort (FRA)"]
[Date "2005.07.19"]
[Round "1"]
[White "Papp, Gabor"]
[Black "Armbrust, Florian"]
[Result "1-0"]
[WhiteElo "2474"]
[BlackElo "2228"]
[PlyCount "53"]
[EventDate "2005.07.18"]

1. e4 c5 2. Nf3 d6 3. d4 cxd4 4. Nxd4 Nf6 5. Nc3 Nc6 6. h3 e5 7. Nb3 Be6 8. Nd5
Be7 9. Be3 O-O 10. Qd2 Nb8 11. Nxf6+ Bxf6 12. O-O-O Be7 13. f4 a5 14. Kb1 a4
15. Nc1 exf4 16. Bxf4 Qb6 17. Bxd6 Rd8 18. e5 Ra5 19. Qf4 a3 20. b3 Bxd6 21.
exd6 Rd5 22. Bc4 R5xd6 23. Bxe6 Rxe6 24. Rxd8+ Qxd8 25. Rd1 Qe8 26. Qb4 Rc6 {#}
27. Qe7 1-0

[Event "Jugendweltmeisterschaft U18"]
[Site "Belfort (FRA)"]
[Date "2005.07.19"]
[Round "1"]
[White "Esenov, Annaberdi"]
[Black "Meier, Georg"]
[Result "0-1"]
[WhiteElo "2126"]
[BlackElo "2437"]
[PlyCount "96"]
[EventDate "2005.07.18"]

1. e4 e6 2. d4 d5 3. Nd2 dxe4 4. Nxe4 Qd5 5. Ng3 c5 6. Nf3 Nf6 7. Be3 cxd4 8.
Nxd4 a6 9. c3 Be7 10. Be2 Nbd7 11. Bf3 Qa5 12. O-O O-O 13. Qc2 Ne5 14. Be2 Bd7
15. Kh1 Rac8 16. f4 Nc4 17. Bg1 b5 18. f5 e5 19. Nf3 Rfe8 20. b4 Qa3 21. Qb3 e4
22. Bxc4 Qxb3 23. Bxb3 exf3 24. Rxf3 Bc6 25. Rd3 h5 26. h4 Ng4 27. Nxh5 Bxh4
28. Rd4 Re4 29. Rf1 Bg5 30. Nf4 Ne3 31. Bxe3 Rxe3 32. Nd5 Bxd5 33. Rxd5 Rcxc3
34. Rd6 Re4 35. Rfd1 Rxb4 36. Rxa6 Rh4+ 37. Kg1 Be3+ 38. Kf1 Rf4+ 39. Ke1 Rxf5
40. Ra8+ Kh7 41. Re8 Bc5 42. Re2 Bb4 43. Rdd2 Rc1+ 44. Bd1 Rd5 45. g3 g6 46. a3
Bxd2+ 47. Rxd2 Rxd2 48. Kxd2 Ra1 0-1

[Event "Jugendweltmeisterschaft U16"]
[Site "Belfort (FRA)"]
[Date "2005.07.19"]
[Round "1"]
[White "Abdollahzade, Arash"]
[Black "Bindrich, Falko"]
[Result "0-1"]
[WhiteElo "2089"]
[BlackElo "2391"]
[PlyCount "58"]
[EventDate "2005.07.18"]

1. e4 c5 2. Nf3 d6 3. d4 Nf6 4. Nc3 cxd4 5. Nxd4 a6 6. f4 e5 7. Nf3 Qc7 8. Bd3
Nbd7 9. Qe2 b5 10. a3 Bb7 11. O-O Be7 12. f5 h6 13. h3 Nc5 14. Bd2 O-O 15. g4
Nh7 16. h4 Qd8 17. Qe1 d5 18. exd5 e4 19. Nxe4 Re8 20. Qf2 Nxe4 21. Bxe4 Bc5
22. Qxc5 Rxe4 23. g5 hxg5 24. hxg5 Rc8 25. Qf2 Qxd5 26. Qg3 Qxf5 27. Ne1 Qd5
28. Nd3 Re2 29. Nf2 Rxd2 0-1

[Event "Jugendweltmeisterschaft U16w"]
[Site "Belfort (FRA)"]
[Date "2005.07.19"]
[Round "1"]
[White "Atnilov, Bela"]
[Black "Shmirina, Evgenija"]
[Result "1/2-1/2"]
[WhiteElo "1599"]
[BlackElo "2157"]
[PlyCount "42"]
[EventDate "2005.07.18"]

1. e4 d6 2. d4 Nf6 3. Nc3 e5 4. dxe5 dxe5 5. Qxd8+ Kxd8 6. Nf3 Bd6 7. Bc4 Be6
8. Bxe6 fxe6 9. Be3 Ke7 10. O-O-O Nc6 11. a3 a6 12. Nd2 b5 13. Nb3 Nd7 14. Bg5+
Kf7 15. f4 Rhf8 16. fxe5 Ndxe5 17. Be3 Nc4 18. Bc5 Kg8 19. Bxd6 cxd6 20. Rhf1
Ne3 21. Rxf8+ Rxf8 1/2-1/2

[Event "Jugendweltmeisterschaft U14w"]
[Site "Belfort (FRA)"]
[Date "2005.07.19"]
[Round "1"]
[White "Winkelmann, Elena"]
[Black "Hattingh, Angelique"]
[Result "1-0"]
[WhiteElo "2040"]
[BlackElo "1599"]
[PlyCount "59"]
[EventDate "2005.07.18"]

1. f4 c5 2. Nf3 e6 3. e3 Nc6 4. b3 Nf6 5. Bb2 b6 6. Nc3 d5 7. Bb5 Bd7 8. O-O
Bd6 9. Ne2 O-O 10. a3 a6 11. Bd3 b5 12. c4 Rb8 13. cxb5 axb5 14. Ng3 c4 15. Bc2
h6 16. Ne5 Be7 17. Nh5 Be8 18. f5 Nxh5 19. Nxc6 Bxc6 20. Qxh5 Bf6 21. fxe6 g6
22. exf7+ Rxf7 23. Qxg6+ Kf8 24. Bxf6 Qd7 25. Qxh6+ Ke8 26. Qh8+ Rf8 27. Bg6+
Qf7 28. Bxf7+ Kxf7 29. Qg7+ Ke6 30. Qe7# 1-0

[Event "Jugendweltmeisterschaft U14w"]
[Site "Belfort (FRA)"]
[Date "2005.07.19"]
[Round "1"]
[White "Jussupow, Ekaterina"]
[Black "Karman, Anna"]
[Result "1-0"]
[WhiteElo "1992"]
[BlackElo "1599"]
[PlyCount "33"]
[EventDate "2005.07.18"]

1. d4 d5 2. c4 e6 3. Nc3 c5 4. dxc5 Nf6 5. cxd5 exd5 6. Nf3 Bxc5 7. Bg5 Qb6 8.
e3 Be6 9. Bxf6 gxf6 10. Bb5+ Nd7 11. O-O Rd8 12. Rc1 Ke7 13. Bxd7 Rxd7 14. Na4
Qb4 15. Nxc5 Rdd8 16. Qd4 Qb5 17. Nd3 1-0

[Event "Jugendweltmeisterschaft U12"]
[Site "Belfort (FRA)"]
[Date "2005.07.19"]
[Round "1"]
[White "Zimmermann, Gordon"]
[Black "Negi, Parimarjan"]
[Result "0-1"]
[WhiteElo "1599"]
[BlackElo "2376"]
[PlyCount "73"]
[EventDate "2005.07.18"]

1. e4 c5 2. Nc3 Nc6 3. f4 g6 4. Nf3 Bg7 5. Bc4 e6 6. d3 Nge7 7. O-O O-O 8. Bb3
d5 9. e5 Na5 10. Ne2 d4 11. Ng3 b5 12. Ne4 Qb6 13. Kh1 Bb7 14. Nd6 Bc6 15. Qe1
Nc8 16. Bd2 Nb7 17. Nxc8 Raxc8 18. Rb1 c4 19. dxc4 bxc4 20. Bxc4 Bxf3 21. Rxf3
Rxc4 22. Rb3 Qc7 23. c3 dxc3 24. bxc3 Nc5 25. Rb5 Ne4 26. Rb7 Qd8 27. Be3 Qd3
28. Bxa7 Nxc3 29. R7b3 Rfc8 30. Rc1 Nxa2 31. Rxc4 Qxc4 32. Rb1 Qxf4 33. Qa5
Bxe5 34. Bg1 Nc3 35. Re1 Ne4 36. Qa2 Ra8 37. Ra1 0-1

[Event "Jugendweltmeisterschaft U12"]
[Site "Belfort (FRA)"]
[Date "2005.07.19"]
[Round "1"]
[White "Graf, Felix"]
[Black "Dilanian, Grigor"]
[Result "0-1"]
[WhiteElo "2168"]
[BlackElo "1599"]
[PlyCount "88"]
[EventDate "2005.07.18"]

1. d4 d5 2. Nf3 Nf6 3. e3 c6 4. Nbd2 Bf5 5. Nh4 Bg6 6. Nxg6 hxg6 7. Bd3 Nbd7 8.
f4 e6 9. b3 c5 10. Bb2 Qb6 11. O-O cxd4 12. exd4 Bd6 13. c4 g5 14. c5 Nxc5 15.
dxc5 Qxc5+ 16. Rf2 Rxh2 17. Nf3 Ng4 18. Bd4 Nxf2 19. Bxf2 Rh1+ 20. Kxh1 Qxf2
21. Nxg5 Qxf4 22. Qh5 g6 23. Bxg6 fxg6 24. Qxg6+ Kd7 25. Qxe6+ Kc6 26. Nf3 Rh8+
27. Kg1 Rh6 28. Qe8+ Kb6 29. Re1 Bc5+ 30. Kf1 Rh1+ 31. Ke2 Rxe1+ 32. Nxe1 Qf2+
33. Kd3 Qd4+ 34. Kc2 Bb4 35. Qe6+ Ka5 36. Nf3 Qc3+ 37. Kb1 Qd3+ 38. Kb2 Bc3+
39. Ka3 Qb5 40. Qg4 Qc5+ 41. b4+ Bxb4+ 42. Kb2 Qc3+ 43. Kb1 Qd3+ 44. Kb2 Ba3+
0-1

[Event "Jugendweltmeisterschaft U12w"]
[Site "Belfort (FRA)"]
[Date "2005.07.19"]
[Round "1"]
[White "Smolkina, Milana"]
[Black "McGarity, Molly"]
[Result "1-0"]
[WhiteElo "1732"]
[BlackElo "1599"]
[PlyCount "67"]
[EventDate "2005.07.18"]

1. e4 c5 2. Nf3 e6 3. d4 d5 4. Nc3 cxd4 5. Qxd4 Nc6 6. Bb5 Nge7 7. exd5 Nxd5 8.
Nxd5 Qxd5 9. Qxd5 exd5 10. Bf4 Bd7 11. O-O-O a6 12. Ba4 Bc5 13. Rhe1+ Be6 14.
Ng5 Kd7 15. c4 d4 16. Nxe6 fxe6 17. Be5 Ke7 18. Bxc6 bxc6 19. Bxd4 Bd6 20. Re4
Rae8 21. c5 Bc7 22. Be5 Bxe5 23. Rxe5 Rhf8 24. Rd6 Rc8 25. Rexe6+ Kf7 26. Rxc6
Kg8 27. Rxc8 Rxc8 28. b4 a5 29. a3 Kf7 30. Ra6 axb4 31. axb4 Ke7 32. Kc2 Rb8
33. Kc3 Kd8 34. Ra7 1-0

[Event "Jugendweltmeisterschaft U10"]
[Site "Belfort (FRA)"]
[Date "2005.07.19"]
[Round "1"]
[White "Kaphle, Sebastian"]
[Black "Jurrius, Sheldon"]
[Result "1-0"]
[WhiteElo "1944"]
[BlackElo "1599"]
[PlyCount "75"]
[EventDate "2005.07.18"]

1. e4 c5 2. Nf3 e6 3. d4 cxd4 4. Nxd4 Nf6 5. Nc3 d6 6. Be2 Be7 7. O-O Nc6 8.
Be3 O-O 9. f4 Bd7 10. Qd2 Nxd4 11. Bxd4 Bc6 12. Bf3 Qc7 13. Rae1 e5 14. Be3
Rfd8 15. f5 Rd7 16. g4 b5 17. g5 b4 18. Nd5 Nxd5 19. exd5 Bb5 20. Rf2 a5 21.
Be4 Rc8 22. f6 Bf8 23. Bf5 g6 24. Bg4 Re8 25. h4 Rdd8 26. h5 gxh5 27. Bxh5 Qd7
28. Qd1 e4 29. Bg4 Qb7 30. Bf5 Re5 31. Bxh7+ Kxh7 32. Rh2+ Kg8 33. Qh5 Bh6 34.
Qxh6 Rxg5+ 35. Bxg5 Qb6+ 36. Be3 Qxe3+ 37. Rxe3 Bd3 38. Rg3# 1-0

[Event "Jugendweltmeisterschaft U10w"]
[Site "Belfort (FRA)"]
[Date "2005.07.19"]
[Round "1"]
[White "Bohorquez, Maria"]
[Black "Osmanodja, Filiz"]
[Result "0-1"]
[WhiteElo "1599"]
[BlackElo "1599"]
[PlyCount "68"]
[EventDate "2005.07.18"]

1. e4 c5 2. Nc3 d6 3. g3 Nf6 4. Bg2 Nc6 5. d3 g6 6. Be3 Bg7 7. h3 O-O 8. Qd2
Bd7 9. f4 Rb8 10. Nge2 b5 11. O-O b4 12. Nd1 a5 13. g4 a4 14. f5 a3 15. Rb1
axb2 16. Rxb2 Ra8 17. fxg6 fxg6 18. Bh6 Ra3 19. Bxg7 Kxg7 20. Ng3 Be6 21. c3
Qa5 22. c4 Bxc4 23. dxc4 Rxg3 24. Qf4 Ra3 25. Rff2 Ne5 26. Bf1 Ra8 27. Ne3 Qd8
28. h4 Qd7 29. g5 Nh5 30. Qh2 Rxe3 31. Be2 Ng4 32. Bxg4 Qxg4+ 33. Rg2 Qd1+ 34.
Kf2 Qe1# 0-1

[Event "Jugendweltmeisterschaft U18w"]
[Site "Belfort (FRA)"]
[Date "2005.07.20"]
[Round "2"]
[White "Gusakovskaya, Yana"]
[Black "Stojanovic, Andjelija"]
[Result "0-1"]
[WhiteElo "2085"]
[BlackElo "2162"]
[PlyCount "112"]
[EventDate "2005.07.18"]

1. e4 c5 2. Nf3 e6 3. c3 Nf6 4. e5 Nd5 5. d4 cxd4 6. Qxd4 Nc6 7. Qe4 d6 8. c4
Nde7 9. Nc3 d5 10. cxd5 exd5 11. Qa4 d4 12. Ne4 Nf5 13. Bd2 Be7 14. Bd3 Bd7 15.
Qd1 Nb4 16. Bc4 O-O 17. O-O Bc6 18. Bxb4 Bxb4 19. Qd3 Be7 20. Nf6+ Bxf6 21.
Qxf5 Be7 22. Rfd1 Bxf3 23. Qxf3 Qc7 24. Qe2 Rad8 25. Rac1 Qb6 26. Rd3 Bg5 27.
Rcd1 Qc5 28. Rh3 h6 29. Bd3 Rfe8 30. Qe4 Qxe5 31. Qxb7 Qe1+ 32. Rxe1 Rxe1+ 33.
Bf1 d3 34. Rf3 d2 35. Qxf7+ Kh8 36. Rd3 d1=Q 37. Rxd1 Rdxd1 38. Qf8+ Kh7 39.
Qf5+ Kg8 40. Qc8+ Kf7 41. Qf5+ Bf6 42. g3 Rxf1+ 43. Kg2 Rfe1 44. Qh5+ Kg8 45.
Qc5 Rd7 46. Qc8+ Rd8 47. Qc4+ Kh8 48. b4 Red1 49. h4 R1d2 50. a4 Bd4 51. Qc7
Bxf2 52. Kh3 R2d3 53. Kg4 Rxg3+ 54. Kf5 Rf8+ 55. Ke6 Rf6+ 56. Ke7 Re3+ 0-1

[Event "Jugendweltmeisterschaft U16"]
[Site "Belfort (FRA)"]
[Date "2005.07.20"]
[Round "2"]
[White "Bindrich, Falko"]
[Black "Wang, David"]
[Result "1-0"]
[WhiteElo "2391"]
[BlackElo "2220"]
[PlyCount "61"]
[EventDate "2005.07.18"]

1. e4 c5 2. Nf3 Nc6 3. Nc3 d6 4. d4 cxd4 5. Nxd4 Nf6 6. Bg5 e6 7. Qd2 Be7 8.
O-O-O a6 9. f3 Nxd4 10. Qxd4 b5 11. h4 Bb7 12. Qd2 Qc7 13. Kb1 Rc8 14. Bd3 h6
15. Be3 b4 16. Ne2 d5 17. e5 Ne4 18. Qe1 Nc5 19. Bxc5 Bxc5 20. Qg3 O-O 21. Rde1
Rfd8 22. Nf4 Bf8 23. Qg4 Bc6 24. Nxe6 fxe6 25. Qxe6+ Qf7 26. Bh7+ Kxh7 27. Qxf7
Rd7 28. Qf5+ g6 29. Qf4 Rdc7 30. h5 Be8 31. Qxf8 1-0

[Event "Jugendweltmeisterschaft U16"]
[Site "Belfort (FRA)"]
[Date "2005.07.20"]
[Round "2"]
[White "Goginenni, Rohith"]
[Black "Beck, Frederik"]
[Result "1/2-1/2"]
[WhiteElo "2387"]
[BlackElo "2211"]
[PlyCount "68"]
[EventDate "2005.07.18"]

1. e4 c5 2. Nf3 e6 3. b3 b6 4. c4 Bb7 5. Nc3 d6 6. d4 cxd4 7. Nxd4 Nf6 8. Bd3
Nbd7 9. Qe2 Be7 10. O-O a6 11. Bb2 O-O 12. f4 Qc7 13. Kh1 Rac8 14. Rae1 g6 15.
f5 e5 16. Nc2 Nh5 17. g3 Ndf6 18. Ne3 Qd8 19. Ncd5 Nxd5 20. Nxd5 Bg5 21. Qf2
gxf5 22. Qxf5 Ng7 23. Qf2 b5 24. cxb5 axb5 25. Bxb5 f5 26. Bc4 Kh8 27. Qe2 fxe4
28. Qxe4 Qa5 29. Kg1 Qa7+ 30. Kg2 Qxa2 31. Re2 Rxf1 32. Kxf1 Rf8+ 33. Kg2 Qa8
34. h4 Bh6 1/2-1/2

[Event "Jugendweltmeisterschaft U16w"]
[Site "Belfort (FRA)"]
[Date "2005.07.20"]
[Round "2"]
[White "Corke, Anya"]
[Black "Laake, Jasmin"]
[Result "1-0"]
[WhiteElo "2223"]
[BlackElo "1936"]
[PlyCount "75"]
[EventDate "2005.07.18"]

1. d4 g6 2. e4 Bg7 3. Nf3 d6 4. Bc4 Nf6 5. Qe2 c6 6. c3 O-O 7. Bb3 Nbd7 8. e5
dxe5 9. dxe5 Ng4 10. e6 Nc5 11. exf7+ Kh8 12. Bc2 Rxf7 13. h3 Rxf3 14. Qxf3 Ne5
15. Qe3 Ncd3+ 16. Bxd3 Nxd3+ 17. Ke2 Bf5 18. Rd1 Nxc1+ 19. Rxc1 Qa5 20. Na3
Qa6+ 21. Ke1 Rf8 22. Rd1 e5 23. Rd2 Be6 24. Qe2 Qa4 25. Kf1 Qh4 26. Qe3 e4 27.
Re1 Bd5 28. c4 Bh6 29. Qd4+ Bg7 30. Qxa7 Bh6 31. cxd5 Qf6 32. Qd4 Bxd2 33. Qxd2
cxd5 34. Kg1 Rd8 35. Nb5 Qa6 36. Qd4+ Kg8 37. Nc3 Qd6 38. Rd1 1-0

[Event "Jugendweltmeisterschaft U16w"]
[Site "Belfort (FRA)"]
[Date "2005.07.20"]
[Round "2"]
[White "Middelveld, Martine"]
[Black "Ohme, Melanie"]
[Result "0-1"]
[WhiteElo "1599"]
[BlackElo "2066"]
[PlyCount "118"]
[EventDate "2005.07.18"]

1. d4 Nf6 2. Nf3 c5 3. g3 g6 4. Bg2 Bg7 5. O-O O-O 6. c4 d6 7. Nc3 Nbd7 8. b3
Rb8 9. Bb2 b6 10. Re1 Bb7 11. e4 cxd4 12. Nxd4 Nc5 13. Qd2 Nfd7 14. Nf3 Ne5 15.
Nxe5 dxe5 16. Rad1 Ne6 17. Nd5 Nc5 18. Qc2 Qe8 19. Ba3 e6 20. Nc3 f5 21. Nb5 f4
22. Nxa7 f3 23. Bh3 g5 24. Rd6 Qh5 25. Bf1 Rf6 26. b4 Rh6 27. h3 Nxe4 28. Rxe4
Ra8 29. Nc6 Bf8 30. Qd3 Rxa3 31. Qxa3 Bxd6 32. Qa4 Qg6 33. Rg4 Qf6 34. h4 Rg6
35. Rxg5 Rxg5 36. hxg5 Qxg5 37. Na7 Qe7 38. a3 e4 39. Qb3 Qg5 40. c5 Bd5 41.
Qe3 Qxe3 42. fxe3 bxc5 43. Nc8 cxb4 44. axb4 Bxb4 45. Kf2 Bc5 46. Ba6 Kf7 47.
Bb5 e5 48. Bd7 Be6 49. Bc6 Bxc8 50. Bxe4 Bg4 51. Bxh7 Kf6 52. Be4 Kg5 53. Bc2
Bf5 54. Bd1 Be4 55. Ba4 Kg4 56. Bd7+ Bf5 57. Bxf5+ Kxf5 58. Kxf3 e4+ 59. Kf2
Kg4 0-1

[Event "Jugendweltmeisterschaft U14"]
[Site "Belfort (FRA)"]
[Date "2005.07.20"]
[Round "2"]
[White "Al Khouri, Ibraheem"]
[Black "Bogner, Sebastian"]
[Result "1/2-1/2"]
[WhiteElo "2062"]
[BlackElo "2361"]
[PlyCount "70"]
[EventDate "2005.07.18"]

1. e4 c5 2. c3 Nf6 3. e5 Nd5 4. d4 cxd4 5. cxd4 d6 6. Nf3 Nc6 7. Bc4 Nb6 8. Bb5
dxe5 9. Nxe5 Bd7 10. Nxd7 Qxd7 11. O-O e6 12. Nc3 Be7 13. Qg4 Bf6 14. Rd1 h5
15. Qf3 a6 16. Bxc6 Qxc6 17. Qe2 Rd8 18. Be3 h4 19. h3 O-O 20. Qg4 Nc4 21. Ne4
Be7 22. Bh6 g6 23. Bxf8 Kxf8 24. Rac1 Qb5 25. b3 Na5 26. Qf4 Nc6 27. Nc3 Qa5
28. Qe4 Bg5 29. Rc2 Bf6 30. Ne2 Kg7 31. Rcd2 Qb4 32. Qg4 Rd5 33. Qe4 Rd8 34.
Qg4 Rd5 35. Qe4 Rd8 1/2-1/2

[Event "Jugendweltmeisterschaft U14"]
[Site "Belfort (FRA)"]
[Date "2005.07.20"]
[Round "2"]
[White "Benidze, David"]
[Black "Zehnter, Sebastian"]
[Result "0-1"]
[WhiteElo "2243"]
[BlackElo "2037"]
[PlyCount "110"]
[EventDate "2005.07.18"]

1. d4 d5 2. c4 Nc6 3. e3 e5 4. cxd5 Qxd5 5. Nc3 Bb4 6. a3 Bxc3+ 7. bxc3 Nge7 8.
c4 Qd6 9. d5 Nb8 10. Nf3 Bg4 11. Bb2 Bxf3 12. Qxf3 Nd7 13. Bd3 O-O 14. O-O Rae8
15. Qh3 h6 16. Qg3 Ng6 17. Bf5 Nb6 18. Bc3 c5 19. Bd3 f5 20. f4 exf4 21. exf4
Na4 22. Bd2 Nb2 23. Rae1 Qf6 24. Bb1 Nxc4 25. Bc3 Qf7 26. h4 Ne7 27. Ba2 b5 28.
Bxc4 bxc4 29. Re5 Ng6 30. Rxe8 Rxe8 31. h5 Nf8 32. Rd1 Rd8 33. Qf3 Qb7 34. Qe2
Qb3 35. Be5 c3 36. Bxg7 Kxg7 37. Rf1 Qxd5 38. Qe7+ Kg8 39. Rf3 Qxf3 40. gxf3 c2
41. Qxd8 c1=Q+ 42. Kg2 Qb2+ 43. Kh3 Qd4 44. Qc8 Qd5 45. Kg3 c4 46. a4 Qe6 47.
Qc5 a6 48. a5 Nd7 49. Qc8+ Kf7 50. Qc7 Ke7 51. Qb7 Qe1+ 52. Kh3 c3 53. Qc6 Qd2
54. Qxh6 c2 55. Qg7+ Kd6 0-1

[Event "Jugendweltmeisterschaft U14"]
[Site "Belfort (FRA)"]
[Date "2005.07.20"]
[Round "2"]
[White "Davies, Noam"]
[Black "Huschenbeth, Niclas"]
[Result "0-1"]
[WhiteElo "1599"]
[BlackElo "2180"]
[PlyCount "104"]
[EventDate "2005.07.18"]

1. e4 e5 2. Nf3 Nc6 3. Bb5 Bc5 4. O-O Qf6 5. c3 Nge7 6. d4 exd4 7. Bg5 Qg6 8.
Bxe7 Nxe7 9. cxd4 Bb6 10. Nc3 O-O 11. Qd3 d6 12. Rfe1 Qg4 13. Rad1 c6 14. Bc4
Ng6 15. h3 Qh5 16. Ne2 d5 17. exd5 cxd5 18. Bb3 Be6 19. Qe3 Qf5 20. Ng3 Qf4 21.
Qxf4 Nxf4 22. Ne2 Nxe2+ 23. Rxe2 h6 24. Ne5 Rfc8 25. Nd3 g5 26. Nb4 Rd8 27. Nc2
Rac8 28. g4 Kg7 29. Ne3 Kg6 30. Bc2+ Kf6 31. Bb3 Kg6 32. Bc2+ Kf6 33. Bb3 a6
34. Kg2 Ba7 35. Rc2 Rxc2 36. Nxc2 Ke7 37. Ne3 Kd6 38. Kf3 b5 39. Ke2 a5 40. a3
Rb8 41. Kd3 a4 42. Bc2 Bd7 43. b4 axb3 44. Bxb3 Be6 45. Rc1 Bb6 46. a4 bxa4 47.
Bxa4 Bxd4 48. Rc6+ Ke5 49. Bc2 Bxe3 50. fxe3 f5 51. gxf5 Bxf5+ 52. Kc3 Rc8 0-1

[Event "Jugendweltmeisterschaft U14w"]
[Site "Belfort (FRA)"]
[Date "2005.07.20"]
[Round "2"]
[White "Aleksanian, Haykuhi"]
[Black "Winkelmann, Elena"]
[Result "1/2-1/2"]
[WhiteElo "1599"]
[BlackElo "2040"]
[PlyCount "42"]
[EventDate "2005.07.18"]

1. e4 c5 2. Nf3 e6 3. d4 cxd4 4. Nxd4 a6 5. Nc3 Qc7 6. Bd3 Bc5 7. Nb3 Be7 8.
Be3 d6 9. Qd2 b5 10. O-O Nf6 11. Qe2 Bb7 12. a3 h5 13. f4 Ng4 14. Kh1 Nd7 15.
Bg1 Ngf6 16. Rae1 h4 17. h3 Nh5 18. Bh2 Nc5 19. Nxc5 dxc5 20. e5 Rd8 21. Be4
Rd4 1/2-1/2

[Event "Jugendweltmeisterschaft U14w"]
[Site "Belfort (FRA)"]
[Date "2005.07.20"]
[Round "2"]
[White "Le, Hoan Tran Chau"]
[Black "Jussupow, Ekaterina"]
[Result "1-0"]
[WhiteElo "1599"]
[BlackElo "1992"]
[PlyCount "61"]

1. d4 d5 2. Nf3 Nf6 3. c4 e6 4. Nc3 Be7 5. Bg5 h6 6. Bxf6 Bxf6 7. e3 O-O 8.
cxd5 exd5 9. Bd3 Be6 10. O-O b6 11. e4 c6 12. e5 Be7 13. Rc1 Nd7 14. Bb1 Re8
15. Ne2 c5 16. Nf4 Bg5 17. Nxg5 Qxg5 18. Nxe6 fxe6 19. f4 Qe7 20. Qd3 Nf8 21.
f5 exf5 22. Rxf5 c4 23. Rxf8+ Rxf8 24. Qh7+ Kf7 25. Qg6+ Kg8 26. e6 Rf5 27.
Bxf5 Qe8 28. Qh7+ Kf8 29. Bg6 Qxe6 30. Rf1+ Ke7 31. Qxg7+ 1-0

[Event "Jugendweltmeisterschaft U12"]
[Site "Belfort (FRA)"]
[Date "2005.07.20"]
[Round "2"]
[White "Negi, Parimarjan"]
[Black "Kaphle, Stephan"]
[Result "1-0"]
[WhiteElo "2376"]
[BlackElo "1980"]
[PlyCount "84"]
[EventDate "2005.07.18"]

1. e4 c5 2. Nf3 e6 3. d4 cxd4 4. Nxd4 Qb6 5. Nb3 Qc7 6. Nc3 a6 7. Bd3 Nf6 8.
O-O Be7 9. f4 d6 10. Qf3 O-O 11. Bd2 Nbd7 12. Rae1 b6 13. g4 Nc5 14. Nd4 Bb7
15. Qh3 Nxd3 16. cxd3 Rac8 17. g5 Nd7 18. Rc1 Qd8 19. Rf3 Re8 20. Qh4 g6 21. f5
exf5 22. Rh3 h5 23. exf5 d5 24. Rf1 Bc5 25. Na4 Ne5 26. b4 Bxd4+ 27. Qxd4 Rc2
28. Bc3 Bc6 29. Nb2 Bb7 30. Nd1 Bc8 31. Re3 Bxf5 32. h4 f6 33. gxf6 Nf7 34. Re7
Re2 35. Ne3 Kf8 36. Qf4 Bxd3 37. Rd1 Be4 38. b5 a5 39. Bd4 Rxa2 40. Rc1 Qd6 41.
Ra1 Qd8 42. Rxe8+ Kxe8 1-0

[Event "Jugendweltmeisterschaft U12"]
[Site "Belfort (FRA)"]
[Date "2005.07.20"]
[Round "2"]
[White "Strzemiecki, Zbigniew"]
[Black "Zelbel, Patrick"]
[Result "1-0"]
[WhiteElo "2195"]
[BlackElo "1927"]
[PlyCount "71"]
[EventDate "2005.07.18"]

1. e4 e5 2. Nf3 Nc6 3. Bb5 a6 4. Bxc6 dxc6 5. O-O f6 6. d4 exd4 7. Nxd4 c5 8.
Ne2 Qxd1 9. Rxd1 Bg4 10. Nbc3 Bd6 11. f3 Be6 12. Bf4 O-O-O 13. Bxd6 cxd6 14.
Nf4 Bf7 15. Nfd5 Bxd5 16. Nxd5 Kd7 17. Rd2 Ne7 18. Ne3 Kc6 19. Re1 Rhe8 20. Kf2
b5 21. h4 Nc8 22. h5 Nb6 23. b3 a5 24. Red1 Rd7 25. Re2 Rdd8 26. g4 a4 27. Red2
Rd7 28. Re1 axb3 29. axb3 Ra8 30. Nd5 Nxd5 31. exd5+ Kc7 32. Re6 Rf7 33. Rde2
Kd7 34. Kg3 Ra1 35. Re8 Rd1 36. Ra8 1-0

[Event "Jugendweltmeisterschaft U12w"]
[Site "Belfort (FRA)"]
[Date "2005.07.20"]
[Round "2"]
[White "Ostrowska, Dominika"]
[Black "Smolkina, Milana"]
[Result "1/2-1/2"]
[WhiteElo "1599"]
[BlackElo "1732"]
[PlyCount "102"]
[EventDate "2005.07.18"]

1. e4 c5 2. Nf3 d6 3. d4 cxd4 4. Nxd4 Nf6 5. Nc3 g6 6. Be3 Bg7 7. f3 O-O 8. Qd2
Nc6 9. O-O-O Nxd4 10. Bxd4 Be6 11. Kb1 Qc7 12. g4 Rfc8 13. h4 Qa5 14. Nd5 Qxd2
15. Rxd2 Bxd5 16. exd5 Nd7 17. Bxg7 Kxg7 18. Bd3 Ne5 19. Be4 Rc5 20. h5 Rh8 21.
Rdh2 Rcc8 22. b3 b5 23. hxg6 hxg6 24. Rxh8 Rxh8 25. Rxh8 Kxh8 26. Kb2 a5 27. a3
g5 28. Kc3 Kg7 29. Kd4 Kf6 30. c4 bxc4 31. b4 axb4 32. axb4 e6 33. b5 Ke7 34.
Kc3 Kd8 35. b6 Nd7 36. b7 Kc7 37. Kxc4 Nb6+ 38. Kd4 e5+ 39. Kd3 Kxb7 40. Kc3
Ka6 41. Kb4 Nd7 42. Bd3+ Kb6 43. Kc4 Nc5 44. Bh7 Ka5 45. Bg8 f6 46. Bh7 Nd7 47.
Bg8 Nb6+ 48. Kd3 Kb5 49. Ke4 Kc5 50. Be6 Kc4 51. Bf7 Kc5 1/2-1/2

[Event "Jugendweltmeisterschaft U10"]
[Site "Belfort (FRA)"]
[Date "2005.07.20"]
[Round "2"]
[White "Naroditsky, Daniel"]
[Black "Kaphle, Sebastian"]
[Result "1-0"]
[WhiteElo "1599"]
[BlackElo "1944"]
[PlyCount "97"]
[EventDate "2005.07.18"]

1. e4 c5 2. c3 d5 3. exd5 Qxd5 4. d4 Nc6 5. Nf3 cxd4 6. cxd4 Nf6 7. Nc3 Qd8 8.
Be2 Bf5 9. d5 Nb8 10. O-O g6 11. Nd4 Bd7 12. Bf4 Bg7 13. Bf3 Qb6 14. Qb3 Qxd4
15. Be3 Qe5 16. Qxb7 O-O 17. Qxa8 Bg4 18. d6 Nbd7 19. Qxa7 Bxf3 20. Qd4 Qxd4
21. Bxd4 Bg4 22. dxe7 Re8 23. a4 Nb8 24. a5 Nfd7 25. Bxg7 Kxg7 26. a6 Nb6 27.
a7 N8d7 28. Nd5 Na8 29. Rac1 Ndb6 30. Nxb6 Nxb6 31. Rc7 Na8 32. Rb7 Kf6 33. b4
Be6 34. b5 Bd5 35. Rd7 Be6 36. Rd8 Kxe7 37. Rxe8+ Kxe8 38. b6 Bc8 39. Rc1 Bb7
40. f3 Kd7 41. Kf2 Nxb6 42. Ke3 Nc8 43. Ra1 Nb6 44. Kd4 f6 45. Kc5 Na8 46. Rd1+
Ke7 47. Rb1 Ba6 48. Rb8 Nc7 49. Kc6 1-0

[Event "Jugendweltmeisterschaft U10w"]
[Site "Belfort (FRA)"]
[Date "2005.07.20"]
[Round "2"]
[White "Osmanodja, Filiz"]
[Black "Chen, Yuxuan"]
[Result "0-1"]
[WhiteElo "1599"]
[BlackElo "1599"]
[PlyCount "76"]
[EventDate "2005.07.18"]

1. e4 c5 2. Nf3 Nc6 3. d4 cxd4 4. Nxd4 Nf6 5. Nc3 e5 6. Ndb5 d6 7. Bg5 a6 8.
Na3 b5 9. Nd5 Be7 10. Bxf6 Bxf6 11. c3 O-O 12. Be2 Bg5 13. Bg4 Bb7 14. Nc2 Ne7
15. Nxe7+ Qxe7 16. Qd3 Rad8 17. Nb4 Bf4 18. Nd5 Qg5 19. Bf3 Bxd5 20. Qxd5 Qh6
21. h4 Qf6 22. Rd1 Rfe8 23. Qc6 Qe6 24. Rd5 Bc1 25. b3 Bb2 26. Kd2 Rc8 27. Qxa6
Bxc3+ 28. Kd3 Qh6 29. Rd1 Qxh4 30. Qxb5 Qxf2 31. Rxd6 Bd4 32. Rc6 Red8 33. Qd5
Ra8 34. Ra6 Qe3+ 35. Kc4 Qc3+ 36. Kb5 Rxd5+ 37. exd5 Qc5+ 38. Ka4 Rxa6# 0-1